000
00304nam a2200133Ia 4500
008
220216s9999 xx 000 0 und d
100
_a
Wahab Mahmud Abd
245
0
_a
Rubber as a strategic crop
260
_b
Planter
_c
2002
300
_a
97-100
650
_a
Malaysia
650
_a
Rubber
942
_c
JS
999
_c
67457
_d
67457